000 00460nam a2200169Ia 4500
003 GCL
008 140319s9999 xx 000 0 eng d
040 _aGCL /
_cGCL
082 0 4 _a621.313
_bF H
100 1 _aFORD, R.A
245 1 0 _aHOME MADE LIGHTING: CREATIVE EXPERIMENT IN ELECTRICITY /
_cFORD, R.A
260 _a[S.N] :
_bTAB BOOKS ،
_c1991
300 _a198 P
650 0 4 _aELECTROSTATIC APPARATUS
650 0 4 _aELECTRIC GENERATORS
942 _2ddc
_cBK
999 _c21345
_d21345